Liedtext - Wannsee - Die Toten Hosen - Statistiken

Allgemein
  • Dieses Quiz wurde 398 mal gespielt
  • Das Durchschnittsergebnis liegt bei 124 aus 193
Antwortstatistiken
Textquiz % Korrekt
wann
97%
Wann
97%
ich
95%
Ich
95%
Dich
93%
Wannsee
92%
wieder
92%
endlich
89%
seh‘
89%
die
82%
der
81%
Dir
81%
zu
81%
Will
80%
will
80%
da
79%
zurück
77%
Das
76%
in
76%
In
76%
den
74%
nicht
74%
Du
73%
mich
70%
und
70%
aus
68%
mehr
67%
an
66%
Lass
66%
sie
66%
so
66%
So
66%
mein
65%
All
64%
komm‘
64%
uns
64%
es
63%
richtig
63%
lässt
61%
Mädchen
61%
denken
60%
diese
60%
Hauptstadt
59%
Hier
59%
hier
59%
wir
59%
mit
58%
Herz
57%
Swimmingpool
57%
versenken
57%
hat
56%
ihrem
56%
nach
56%
nur
56%
nie
54%
Ohne
54%
tiefblauen
54%
gehen
52%
schön
52%
schon
52%
um
52%
Dein
51%
man
51%
Unter
51%
atmen
50%
Düsseldorf
50%
Kann
49%
lassen
49%
herum
48%
im
48%
nehm‘
48%
alles
47%
bist
47%
hätt‘
47%
von
47%
abtauchen
46%
gesehen
45%
halb
45%
ja
45%
Rasen
45%
Sag
45%
Straßen
44%
tanzen
44%
untergehen
44%
wäre
44%
doch
43%
einem
43%
ihn
43%
steht
43%
weiß
43%
wunderschön
43%
anderen
42%
Flammen
42%
Ort
42%
einfach
41%
ordentlich
41%
schwöre
41%
sehen
41%
Teppich
41%
abfeiern
40%
Gegend
40%
mäht
40%
verraten
40%
zünden
40%
Duft
39%
stirbt
38%
Tod
38%
glücklich
37%
träumst
37%
verdreckten
37%
Öl
36%
Palmen
36%
persönlich
36%
Sand
36%
Fahr‘
35%
weißen
35%
direkt
33%
Lärm
33%
Luft
33%
frische
30%
leicht
30%
Tegel
30%
sonnenverbrannt
29%
Diesen
25%
Hipsterviertel
20%
Villen
15%
Keine übereinstimmenden Quizze gefunden
Verteilung der Resultate
Anzahl Personen mit jedem Resultat
Perzentil nach korrekt beantworteten Fragen
Ihre Resultats-Entwicklung
Sie haben dieses Quiz noch nicht gespielt